Most Populated Cities in Every Asian Country - Map Quiz - Statistics

General Stats
  • This quiz has been taken 50 times
  • The average score is 41 of 48
Answers on the Map
Answers color-coded by a green-red scale on the quiz's map according to % correct below.
 
Answer Stats
Answer % Correct
Pyongyang
100%
Seoul
100%
Tapei
100%
Tokyo
100%
Ulaanbaator
100%
Guangzhou
97%
Jakarta
92%
Dhaka
89%
Dili
89%
Dubai
89%
Kabul
89%
Kuala Lumpur
89%
Riyadh
89%
Singapore
89%
Tehran
89%
Amman
87%
Baghdad
87%
Bangkok
87%
Doha
87%
Ho Chi Minh City
87%
Jerusalem
87%
Karachi
87%
Kathmandu
87%
Kuwait City
87%
Malé
87%
Mumbai
87%
Phnom Penh
87%
Aleppo
84%
Bandar Seri Begwan
84%
Colombo
84%
Istanbul
84%
Manama
84%
Muscat
84%
Quezon City
84%
Sana'a
84%
Baku
82%
Beirut
82%
Nicosia
82%
Tbilisi
82%
Thimpu
82%
Vientiane
82%
Yerevan
82%
Almaty
79%
Yangon
79%
Tashkent
76%
Bishkek
74%
Dushanbe
74%
Ashbagat
66%
No matching quizzes found
Score Distribution
Percent of People with Each Score
Percentile by Number Answered
Your Score History
You have not taken this quiz